Visual analytics with tableau / (Record no. 240855)

MARC details
000 -LEADER
fixed length control field 01553nam a22002417a 4500
003 - CONTROL NUMBER IDENTIFIER
control field OSt
005 - DATE AND TIME OF LATEST TRANSACTION
control field 20260210160933.0
008 - FIXED-LENGTH DATA ELEMENTS--GENERAL INFORMATION
fixed length control field 260209b |||||||| |||| 00| 0 eng d
022 ## - INTERNATIONAL STANDARD SERIAL NUMBER
International Standard Serial Number 9789363863477
040 ## - CATALOGING SOURCE
Transcribing agency AIMIT LIBRARY
082 ## - DEWEY DECIMAL CLASSIFICATION NUMBER
Edition number 1
Classification number 005.76812
Item number LOTA
100 ## - MAIN ENTRY--PERSONAL NAME
Personal name Loth, Alexander.
9 (RLIN) 254133
245 ## - TITLE STATEMENT
Title Visual analytics with tableau /
Statement of responsibility, etc. By Alexander Loth.
250 ## - EDITION STATEMENT
Edition statement 1st ed.
260 ## - PUBLICATION, DISTRIBUTION, ETC.
Place of publication, distribution, etc. New Delhi :
Name of publisher, distributor, etc. Wiley India Pvt Ltd ,
Date of publication, distribution, etc. 2025.
300 ## - PHYSICAL DESCRIPTION
Extent xxix,282 p.;
Other physical details PB
Dimensions 23.5 cm.
500 ## - GENERAL NOTE
General note Tableau is a leading data visualization tool that’s simple enough for individual desktop users and robust enough for enterprise solutions. Widely used by financial analysts, marketers, statisticians, business leaders, and sales professionals, Tableau makes it easy to present data visually for quick and clear decision-making in today’s data-driven world.<br/>Visual Analytics with Tableau takes non-technical business users on a complete journey — starting from zero, connecting data, and creating impactful visualizations and dashboards to unlock business insights.
505 ## - FORMATTED CONTENTS NOTE
Statement of responsibility Alexander Loth is a data scientist with a background in computational nuclear research. Since 2015, he has been with Tableau Software as digital strategist. In that role, he has advised many large companies in their transformation to become data-driven organizations.
650 ## - SUBJECT ADDED ENTRY--TOPICAL TERM
Topical term or geographic name entry element Adding data sources in tableau
9 (RLIN) 254134
650 ## - SUBJECT ADDED ENTRY--TOPICAL TERM
Topical term or geographic name entry element Creating data visualizations
9 (RLIN) 254135
650 ## - SUBJECT ADDED ENTRY--TOPICAL TERM
Topical term or geographic name entry element Interactive dashboards
9 (RLIN) 254136
942 ## - ADDED ENTRY ELEMENTS (KOHA)
Source of classification or shelving scheme Dewey Decimal Classification
Koha item type Book
Edition 1
Call number prefix 005.76812 LOTA
Holdings
Withdrawn status Lost status Source of classification or shelving scheme Damaged status Not for loan Collection code Home library Current library Shelving location Date acquired Source of acquisition Cost, normal purchase price Inventory number Total Checkouts Full call number Barcode Date last seen Cost, replacement price Price effective from Koha item type
    Dewey Decimal Classification     MCA St Aloysius Institute of Management & Information Technology St Aloysius Institute of Management & Information Technology Analytics 02/03/2026 KL Book House 689.00 Bill no:1288; Bill dt:2026-01-23   005.76812 LOTA MCA17387 05/23/2026 516.75 02/09/2026 Book
    Dewey Decimal Classification     MCA St Aloysius Institute of Management & Information Technology St Aloysius Institute of Management & Information Technology Analytics 02/23/2026 SK Publishers & Distributors 689.00 Billno:SKP4044;Billdt:2026-2-2   005.76812 LOTA MCA17397 05/23/2026 516.75 02/25/2026 Book